Statistiche per Tutti gli Stati che hanno controllato Roma

Clicka qui per fare il quiz!

Statistiche generali

  • Questo quiz è stato fatto 47 volte
    (9 dall'ultimo reset)
  • Il punteggio medio è 18 su 34

Statistiche sulle risposte

Risposta% Corretto
Impero Romano
83%
Impero Romano d'Occidente
83%
Regno Romano
83%
Repubblica Romana
83%
Impero Bizantino
67%
Regno Longobardo
67%
Repubblica Romana
67%
Stato Pontificio
67%
Città del Vaticano
50%
Impero Bizantino
50%
Impero Bizantino
50%
Impero Romano d'Occidente
50%
Primo Impero Francese
50%
Regno dei Vandali
50%
Regno di Odoacre
50%
Regno d'Italia
50%
Regno d'Italia
50%
Regno Ostrogoto
50%
Regno Ostrogoto
50%
Regno Ostrogoto
50%
Repubblica Italiana
50%
Repubblica Romana Francese
50%
Repubblica sociale Italiana
50%
Sacro Romano Impero / Impero Spagnolo
50%
Seconda Repubblica Romana
50%
Stato Pontificio
50%
Stato Pontificio
50%
Stato Pontificio
50%
Stato Pontificio
50%
Stato Pontificio
50%
Impero Romano d'Occidente
33%
Tribù dei Senoni
33%
Tribù dei Visigoti
33%
Ducato di Puglia e Calabria
17%

Distribuzione punteggi

Percentile per numero di risposta

Percentuale di utenti per punteggio

I tuoi punteggi nel tempo

Non hai fatto questo quiz dall'ultimo reset